000 01063nam a22002657a 4500
003 BD-DhJNU
005 20250619060605.0
008 250619b |||||||| |||| 00| 0 eng d
020 _a9840512714
040 _aBD-DhJNU
_bENG
_cBD-DhJNU
_dBD-DhJNU
082 _223
_a350.095492 ALA
100 _aAlam, Muhammad Mustafa
245 _aDevelopment through decentralization in Bangladesh :
_bevidence and perspective /
_cMuhammad Mustafa Alam, Ahmed Shafiqul Haque and Kirsten Westergaard
260 _aDhaka :
_bThe University Press,
_c1994.
300 _a107p :
_bill. ;
_c22 cm.
504 _aIncludes bibliographical reference
650 _aPataukhali District (Bangladesh)
_xEconomic policy
650 _aBarguna (Bangladesh)
_xPolitics and government
650 _a Pataukhali District (Bangladesh)
_xPolitics and government
650 _a Decentralization in government
_x Bangladesh
_zCase studies
650 _a Barguna (Bangladesh)
_xEconomic policy
700 _aHaque, Ahmed Shafiqul
700 _aWestergaard, Kirsten
942 _2ddc
_cBK
_n0
999 _c1801
_d1801